Extreme hydrology and climate variability : monitoring, modelling, adaptation and mitigation
Saved in:
| Other Authors | , , |
|---|---|
| Format | Electronic eBook |
| Language | English |
| Published |
Amsterdam, Netherlands :
Elsevier,
[2019]
|
| Edition | First edition. |
| Subjects | |
| Online Access | Full text |
| ISBN | 9780128159996 9780128159989 |
| Physical Description | 1 online zdroj. |
Cover
| LEADER | 00000nam a2200000 i 4500 | ||
|---|---|---|---|
| 001 | 114040 | ||
| 003 | CZ-ZlUTB | ||
| 005 | 20260608134949.0 | ||
| 006 | m o d | ||
| 007 | cr cnu|||unuuu | ||
| 008 | 190708t20192019ne eo 001 0 eng d | ||
| 020 | |a 9780128159996 |q (electronic bk.) | ||
| 020 | |z 9780128159989 | ||
| 040 | |a EBZ |b eng |c EBZ |e rda | ||
| 072 | 7 | |a 551 |x Geologie. Meteorologie. Klimatologie |2 Konspekt |9 7 | |
| 080 | |a 551.58 |2 MRF | ||
| 080 | |a 556 |2 MRF | ||
| 080 | |a 556:004.6 |2 MRF | ||
| 080 | |a 551.583 |2 MRF | ||
| 080 | |a (082) |2 MRF | ||
| 080 | |a (078.7) |2 MRF | ||
| 080 | |a (0.034.2:08) |2 MRF | ||
| 245 | 0 | 0 | |a Extreme hydrology and climate variability : |b monitoring, modelling, adaptation and mitigation / |c edited by Assefa M. Melesse, Wossenu Abtew, Gabriel Senay. |
| 250 | |a First edition. | ||
| 264 | 1 | |a Amsterdam, Netherlands : |b Elsevier, |c [2019] | |
| 264 | 4 | |c ©2019 | |
| 300 | |a 1 online zdroj. | ||
| 336 | |a text |b txt |2 rdacontent | ||
| 337 | |a počítač |b c |2 rdamedia | ||
| 338 | |a online zdroj |b cr |2 rdacarrier | ||
| 504 | |a Obsahuje bibliografické odkazy a rejstříky | ||
| 506 | |a Plný text je dostupný pouze z IP adres počítačů Univerzity Tomáše Bati ve Zlíně nebo vzdáleným přístupem pro zaměstnance a studenty | ||
| 588 | 0 | |a Online resource; title from PDF title page (EBSCO, viewed July 9, 2019). | |
| 650 | 0 | 7 | |a klima |7 ph121617 |2 czenas |
| 650 | 0 | 7 | |a hydrologie |7 ph114739 |2 czenas |
| 650 | 0 | 7 | |a hydrologická data |7 ph120973 |2 czenas |
| 650 | 0 | 7 | |a klimatické změny |7 ph134843 |2 czenas |
| 650 | 0 | 9 | |a climate |2 eczenas |
| 650 | 0 | 9 | |a hydrology |2 eczenas |
| 650 | 0 | 9 | |a hydrologic data |2 eczenas |
| 650 | 0 | 9 | |a climate changes |2 eczenas |
| 655 | 7 | |a elektronické knihy |7 fd186907 |2 czenas | |
| 655 | 7 | |a sborníky |7 fd163935 |2 czenas | |
| 655 | 7 | |a případové studie |7 fd133208 |2 czenas | |
| 655 | 9 | |a electronic books |2 eczenas | |
| 655 | 9 | |a papers of several authors |2 eczenas | |
| 655 | 9 | |a case studies |2 eczenas | |
| 700 | 1 | |a Melesse, Assefa M., |e editor. | |
| 700 | 1 | |a Abtew, Wossenu, |e editor. | |
| 700 | 1 | |a Senay, Gabriel, |e editor. | |
| 856 | 4 | 0 | |u https://search.ebscohost.com/login.aspx?direct=true&scope=site&db=nlebk&db=nlabk&AN=1995834&authtype=ip,shib&custid=s3936755 |
| 942 | |2 udc | ||
| 992 | |c EBOOK-TN |c EBSCO | ||
| 993 | |x NEPOSILAT |y EIZ | ||
| 999 | |c 114040 |d 114040 | ||